| 000 | 01025nam a22003497a 4500 | ||
|---|---|---|---|
| 001 | BR2024002797 | ||
| 003 | BR-BrBNA | ||
| 005 | 20241004163212.0 | ||
| 008 | 241004b bl.||||| |||| 00| 0 por d | ||
| 020 | _a978-85-67549-09-5 | ||
| 040 |
_aBR-BrBNA _bpor |
||
| 041 | _apor | ||
| 072 |
_aB50 ; A50 ; E14 _b0420 |
||
| 090 | _a0420 BR2024002797 | ||
| 100 | 0 | _aVaz, Dâmares Ferreira (org.) | |
| 100 | 0 | _aAlmeida, Jaime Gonçalves (org.) | |
| 245 | _aCentro de Pesquisa e Aplicação de Bambu e Fibras Naturais: 10 anos de história | ||
| 260 |
_aBrasília, DF (Brasil) _bVincere Associados _c2018 |
||
| 300 |
_a144 p. _bil. _c24 cm |
||
| 500 | _aBibliography p. 137-143 (120 ref.); 59 illus. | ||
| 650 | _aBAMBU | ||
| 650 | _aFIBRA VEGETAL | ||
| 650 | _aGRAMÍNEA | ||
| 650 | _aINSTITUIÇÃO DE PESQUISA | ||
| 650 | _aTECNOLOGIA | ||
| 650 | _aPROPRIEDADE FÍSICA | ||
| 650 | _aPROPRIEDADE MECÂNICA | ||
| 650 | _aCAPACITAÇÃO | ||
| 650 | _aHISTÓRIA | ||
| 909 |
_a202410 _bFernando |
||
| 942 | _cBK | ||
| 999 |
_c327942 _d327942 |
||